भारत की महान् विभूतियाँ / (Record no. 50821)

MARC details
000 -LEADER
fixed length control field 01219nam a22002897a 4500
005 - DATE AND TIME OF LATEST TRANSACTION
control field 2010091802302.0
008 - FIXED-LENGTH DATA ELEMENTS--GENERAL INFORMATION
fixed length control field 100915t xxu||||| |||| 00| 0 hin d
010 ## - LCCN (DPL NO)
LC control number HIN-91942
020 ## - INTERNATIONAL STANDARD BOOK NUMBER
Terms of availability 200.00
International Standard Book Number 9788189997465
035 ## - SYSTEM CONTROL NUMBER
System control number HN-64288
037 ## - SOURCE OF ACQUISITION
Source of stock number/acquisition DBAD / PUB
040 ## - CATALOGING SOURCE
Original cataloging agency DPL
Language of cataloging HN
082 ## - DEWEY DECIMAL CLASSIFICATION NUMBER
Classification number 920
100 ## - MAIN ENTRY--PERSONAL NAME
9 (RLIN) 20178
Personal name शर्मा, महेशचंद्र
245 ## - TITLE STATEMENT
Title भारत की महान् विभूतियाँ /
Statement of responsibility, etc महेशचंद्र शर्मा
246 ## - VARYING FORM OF TITLE
Title proper/short title Bharat kee mahan Vibhutiya
Remainder of title by Maheshchandra Sharma
260 ## - PUBLICATION, DISTRIBUTION, ETC. (IMPRINT)
Place of publication, distribution, etc नई दिल्ली
Name of publisher, distributor, etc श्री नटराज प्रकाशन
Date of publication, distribution, etc 2009
270 ## - ADDRESS
Address 4378/4बी, 306-जे एम डी हाउस, अंसारी रोड, दरियागंज
City नई दिल्ली
Postal code 110002
300 ## - PHYSICAL DESCRIPTION
Extent 142पृ.
Dimensions 22सेमी (सजिल्द)
650 ## - SUBJECT ADDED ENTRY--TOPICAL TERM
9 (RLIN) 1159
650 ## - SUBJECT ADDED ENTRY--TOPICAL TERM
9 (RLIN) 26117
700 ## - ADDED ENTRY--PERSONAL NAME
9 (RLIN) 20179
700 ## - ADDED ENTRY--PERSONAL NAME
9 (RLIN) 20333
700 ## - ADDED ENTRY--PERSONAL NAME
9 (RLIN) 20540
942 ## - ADDED ENTRY ELEMENTS (KOHA)
Source of classification or shelving scheme Dewey Decimal Classification
Item type Hindi Books
Call number suffix शर्माम
Classification part 920
Holdings
Withdrawn status Lost status Source of classification or shelving scheme Damaged status Not for loan Collection code Home library Current library Date acquired Source of acquisition Cost, normal purchase price Total Checkouts Full call number Barcode Date last seen Copy number Cost, replacement price Koha item type
    Dewey Decimal Classification   Not For Loan Non-fiction D.B.Act.Division D.B.Act.Division 01/03/2011 DBAD /PUB 200.00   920 शर्माम HN-64288 01/03/2011 1 200.00 Hindi Books

© Delhi Public Library
Hit Counter
free hit counter